Sixteenth Marcel Grossmann Meeting, The : On Recent Developments In Theoretical And Experimental General Relativity, Astrophysics, And Relativistic Field Theories - Proceedings Of The Mg16 Meeting On General Relativity (In 4 Volumes).

Bibliographic Details
Main Author: Ruffini, Remo.
Other Authors: Vereshchagin, Gregory.
Format: eBook
Language:English
Published: Singapore : World Scientific Publishing Company, 2022.
Edition:1st ed.
Subjects:
Online Access:Click to View
LEADER 01859nam a22003613i 4500
001 EBC7236217
003 MiAaPQ
005 20231204023228.0
006 m o d |
007 cr cnu||||||||
008 231204s2022 xx o ||||0 eng d
020 |a 9789811269776  |q (electronic bk.) 
020 |z 9789811269769 
035 |a (MiAaPQ)EBC7236217 
035 |a (Au-PeEL)EBL7236217 
035 |a (OCoLC)1402029365 
040 |a MiAaPQ  |b eng  |e rda  |e pn  |c MiAaPQ  |d MiAaPQ 
100 1 |a Ruffini, Remo. 
245 1 0 |a Sixteenth Marcel Grossmann Meeting, The :  |b On Recent Developments In Theoretical And Experimental General Relativity, Astrophysics, And Relativistic Field Theories - Proceedings Of The Mg16 Meeting On General Relativity (In 4 Volumes). 
250 |a 1st ed. 
264 1 |a Singapore :  |b World Scientific Publishing Company,  |c 2022. 
264 4 |c Ã2023. 
300 |a 1 online resource (4880 pages) 
336 |a text  |b txt  |2 rdacontent 
337 |a computer  |b c  |2 rdamedia 
338 |a online resource  |b cr  |2 rdacarrier 
588 |a Description based on publisher supplied metadata and other sources. 
590 |a Electronic reproduction. Ann Arbor, Michigan : ProQuest Ebook Central, 2023. Available via World Wide Web. Access may be limited to ProQuest Ebook Central affiliated libraries.  
655 4 |a Electronic books. 
700 1 |a Vereshchagin, Gregory. 
776 0 8 |i Print version:  |a Ruffini, Remo  |t Sixteenth Marcel Grossmann Meeting, The: On Recent Developments In Theoretical And Experimental General Relativity, Astrophysics, And Relativistic Field Theories - Proceedings Of The Mg16 Meeting On General Relativity (In 4 Volumes)  |d Singapore : World Scientific Publishing Company,c2022  |z 9789811269769 
797 2 |a ProQuest (Firm) 
856 4 0 |u https://ebookcentral.proquest.com/lib/matrademy/detail.action?docID=7236217  |z Click to View